| 000 | 00870nam a22002417a 4500 | ||
|---|---|---|---|
| 999 |
_c4776 _d4776 |
||
| 003 | AR-CdUCM | ||
| 008 | 190311b ||||| |||| 00| 0 spa d | ||
| 040 |
_aMUNICIPALIDAD PROVINCIAL DEL CUSCO _cBIBLIOTECA MUNICIPAL DEL CUSCO |
||
| 082 |
_a333.097 / _bST81 |
||
| 100 |
_aStipetic, Vladimir _914761 |
||
| 245 | _aLa Agricultura Yoguslava 1945-1975 / | ||
| 260 |
_aBeograd : _bKultura, _c1975. |
||
| 300 |
_a187 paginas ; _c20cm. |
||
| 500 | _aCuestiones Actuales del socialismo | ||
| 505 | _aContenido: La agricultura -- Mano de obra -- La tierra y la estructura de las propiedades -- Recursos invertidos -- caracterĂsticas básicas... | ||
| 650 |
_aRecursos _939 |
||
| 650 |
_aEconomia Yugoslava _914762 |
||
| 650 |
_aProduccion agricola _914763 |
||
| 700 |
_aSolajic,Dragutin _914764 |
||
| 700 |
_aStrugar, Novak _910359 |
||
| 942 |
_2ddc _cLIBROS |
||
| 945 | _apjha | ||